Statistics for Famous Female Singers and their Songs

Click here to take the quiz!

General Stats

  • This quiz has been taken 303 times
    (235 since last reset)
  • The average score is 21 of 45

Answer Stats

SongsSinger% Correct
Shake It Off / Love StoryTaylor Swift
89%
Hello / Rolling in the DeepAdele
88%
Firework / I Kissed the GirlKaty Perry
88%
Baby One More Time / ToxicBritney Spears
85%
Alejandro / Poker FaceLady Gaga
85%
Diamonds / Don't Stop the MusicRihanna
81%
Chandelier / Cheap ThrillsSia
81%
Halo / If I Were a BoyBeyonce
80%
Malibu / Wrecking BallMiley Cyrus
80%
Because You Loved Me / My Heart Will Go OnCeline Dion
76%
Die Young / Tik TokKesha
71%
Girl on Fire / Empire State of MindAlicia Keys
69%
No Tears Left to Cry / Into YouAriana Grande
69%
New Rules / Be the OneDua Lipa
62%
La Isla Bonita / SecretMadonna
59%
Genie in the Bottle / BeautifulChristina Aguilera
57%
Back to Black / ValerieAmy Winehouse
56%
Summertime Sadness / Lust for LifeLana del Rey
52%
I'm Every Woman / Step by StepWhitney Houston
47%
Let's Get Loud / Waiting for TonightJennifer Lopez
46%
Respect / I Say a Little PrayerAretha Franklin
44%
True Colors / Time After TimeCyndi Lauper
44%
Believe / All Or NothingCher
42%
Behind These Hazel Eyes / StrongerKelly Clarkson
41%
Private Dancer / The BestTina Turner
39%
I'm Like a Bird / ManeaterNelly Furtado
38%
Beautiful Trauma / Just Like a PillPink
38%
My All / Without YouMariah Carey
37%
Holding Out for a Hero / Total Eclipse of the HeartBonnie Tyler
35%
Don't Bother / ObjectionShakira
35%
Ironic / You Oughta KnowAlanis Morissette
34%
Hot Stuff / I Feel LoveDonna Summer
31%
I Will Survive / Endless LoveDiana Ross
29%
Woman in Love / MemoryBarbra Streisand
23%
Conga / Dr BeatGloria Estefan
23%
Not Fair / The FearLily Allen
22%
Book of Days / Orinoco FlowEnya
20%
Hunter / Thank YouDido
18%
Early Winter / CoolGwen Stefani
18%
Walking on Broken Glass / WhyAnnie Lennox
16%
Mercy / Stepping StoneDuffy
16%
Next To Me / Read All About ItEmeli Sande
13%
Chocolate / Red Blooded WomanKylie Minogue
10%
Paid My Dues / Sick and TiredAnastacia
8%
Shy Guy / I Say A Little PrayerDiana King
2%

Score Distribution

Percentile by Number Answered

Percent of People with Each Score

Your Score History

You have not taken this quiz since the last reset